000
00290nam a22001337a 4500
008
181107b xxu||||| |||| 00| 0 eng d
020
_a
9780030132346
041
_a
eng
080
_a
101
100
_a
24
101
_a
FIL
245
_a
Philosophers At Work
_c
Cohen,E.D
942
_2
udc
_c
BK
999
_c
52067
_d
52067